000
00310nam a2200121Ia 4500
008
191201s2010 xx 000 0 und d
100
_a
SINGH,K.K
245
0
_a
Unconventional manufacturing processes
250
_a
Rep
260
_c
2010
_b
Dhanpat Rai Pubns (P) Ltd
_a
NEW DELHI
300
_a
118
942
_2
ddc
_c
BK
999
_c
8138
_d
8138